| 000 | 00754nam a2200253Ia 4500 | ||
|---|---|---|---|
| 003 | OSt | ||
| 005 | 20220924122513.0 | ||
| 006 | a|||||r|||| 00| 0 | ||
| 007 | ta | ||
| 008 | 220923b |||||||| |||| 00| 0 ger d | ||
| 024 | _a138171 | ||
| 037 | _cTextual | ||
| 040 |
_aARTS _cARTS _bger |
||
| 041 |
_2ger _ager |
||
| 082 | _aY:3930aS8, M7 | ||
| 100 |
_aPotter Jonathan _920916 |
||
| 245 | 0 |
_aDiscourse and social psychology _b Behond atturddes and behaviour |
|
| 260 |
_aLondon _bSage _c1987 |
||
| 500 | _aBibliography 198-204; Appendix p1880-189 | ||
| 650 | _aSOCIOLOGY | ||
| 700 |
_a Wetherell Margaret _9144390 |
||
| 942 |
_hY:3930aS8, M7 _cTEXL _2CC |
||
| 999 |
_c411881 _d411881 |
||